Statistiques concernant Trouvez le club grâce aux indices #3 NBA

Cliquez ici pour prendre le quiz!

Statistiques générales

  • Ce quiz a été pris 276 fois
  • Le résultat moyen est 17 sur 20

Statistiques - réponses

PaysCouleursIndiceRéponse% Correct
🇺🇸🟩⬜️☘️Boston Celtics
97%
🇺🇸🟩⬜️🦌Milwaukee Bucks
94%
🇺🇸🟦🟨🌉Golden State Warriors
92%
🇺🇸⬜️🟦🟧🗽New York Knicks
91%
🇨🇦🟥⬛️⬜️🦖Toronto Raptors
91%
🇺🇸🟥⬜️🐂 2️⃣3️⃣Chicago Bulls
90%
🇺🇸🟪🟧⬛️☀️Phoenix Suns
89%
🇺🇸⬜️🟦🟥76Philadelphie Sixers
88%
🇺🇸🟦🩶🟨🐻Memphis Grizzlies
86%
🇺🇸🟪⬜️👑Sacramento Kings
86%
🇺🇸🟦🟩🐺Minnesota Timberwolves
85%
🇺🇸🟦🟨PIndiana Pacers
83%
🇺🇸🟥⬛️🔥Miami Heat
82%
🇺🇸🟥⬜️🦅Atlanta Hawks
81%
🇺🇸🟦⬜️🐝Charlotte Hornets
78%
🇺🇸🟦⬛️🪄Orlando Magic
78%
🇺🇸🟦🟨🟩🎵Utah Jazz
77%
🇺🇸🟥⬜️🩶RHouston Rockets
73%
🇺🇸🟦⬜️🐴Dallas Mavericks
71%
🇺🇸🟦🟨⬜️⚒️Denver Nuggets
64%

Distribution des résultats

Percentile par nombre de réponses

% des personnes avec chaque résultat

Votre développement - résultats

Vous n’avez pas pris ce quiz